00877nam a2200181 a 4500001001000000005001700010008004100027050002400068100004600092245013200138260004300270300002700313440002900340500015900369600008000528650001100608700007600619BRCA_138920190320203414.0770420s1947 mx-a---###---#000-0bspa-# 4aF1211.V5b.G88 19471 aGutiérrez de Medina, Cristóbald1598-10aViaje del Virrey Marqués de VillenacCristóbal Gutiérrez de Medina ; introducción y notas de Manuel Romero de Terreros. aMéxicobImprenta Universitariac1947 axi, 87 p.bil.c24 cm. 0aInstituto de Historiav3 aFacsímil de : Viaje de tierra y mar, feliz por mar, y tierra, que hizo el excellentisimo señor Marques de Villena. México : Imprenta Ivan Ruyz, 164014aEscalona, Diego López PachecocMarqués de Villena y Duque ded1599-165314aViajes1 aRomero de Terreros y Vincent, ManuelcMarqués de San Franciscod1880-